| 000 | 00371nam a2200133Ia 4500 | ||
|---|---|---|---|
| 008 | 231017s9999 xx 000 0 und d | ||
| 082 | _a388.1120994 | ||
| 082 | _bAUS | ||
| 245 | 0 | _aEconomic Evaluation Road Investment Estimating Urban Inter-Modal Benefits A Literature Review (AP-R242) | |
| 245 | 0 | _cAustroads | |
| 260 | _bAustroads | ||
| 300 | _c30cm | ||
| 942 | _cREP | ||
| 999 |
_c604297 _d604297 |
||